| 000 | 00631nam a22001817a 4500 | ||
|---|---|---|---|
| 003 | OSt | ||
| 005 | 20250819051518.0 | ||
| 008 | 250819b |||||||| |||| 00| 0 eng d | ||
| 020 | _a0-307-26523-4. | ||
| 040 |
_aDWC-Main Lib. _cOC |
||
| 100 | _aGUILIANO, MIREILLE | ||
| 245 |
_aFrench women for all seasons : _ba year of secrets recipes and pleasure/ _cGUILIANO, MIREILLE |
||
| 260 |
_aNew York : _bBorzoi Books, _cc2006. |
||
| 300 |
_avii, 359 pages ; _c22cm. |
||
| 504 | _aIncludes index. | ||
| 650 | _a1. Reducing diets. 2. Women--health and hygiene--France. 3. Food habits--France. | ||
| 942 |
_2ddc _cBK-CIRC _hCirc. _n0 |
||
| 999 |
_c4062 _d4062 |
||